Física para ingeniería y ciencías con física moderna : volumen 2

Bibliographic Details
Main Authors: Bauer, Wolfgang, Westfall, Gary D.
Format: Section = Libro
Language:Undetermined
Spanish
Published: México McGrawHill 2014
Edition:2a.ed.
Subjects:
LEADER 00661nam a2200253Ia 4500
008 240829s9999 xx 000 0 und d
020 |a 978-607-15-1192--8 
040 |a BIBLIOTECA-RUPAP/ 530 B344f 
041 |a spa 
082 |a 530 B344f 
100 1 |a Bauer, Wolfgang 
100 1 |b Westfall, Gary D. 
245 1 0 |a Física para ingeniería y ciencías con física moderna : volumen 2 
250 |a 2a.ed. 
260 |a México  |b McGrawHill  |c 2014 
300 |a 1443 p. :il. 
650 7 |a ELECTRICIDAD 
650 7 |b MAGNETISMO 
650 7 |c OPTICA 
650 7 |d RELATIVIDAD 
650 7 |e FISICA CUANTICA 
942 |c BK  |2 ddc 
991 |a TEXTO 
999 |c 10496